LEADER 02785nas 2200697-a 450 001 9910672204103321 005 20230330000433.0 035 $a(CKB)991042728058000 035 $a(CONSER)--2001240270 035 $a(DE-599)ZDB2486471-7 035 $a(EXLCZ)99991042728058000 100 $a20010322a19979999 --- - 101 0 $aspa 181 $ctxt$2rdacontent 182 $cc$2rdamedia 183 $acr$2rdacarrier 200 00$aRevista española de desarrollo y cooperación$b[electronic resource] 210 $aMadrid $cInstituto Universitario de Desarrollo y Cooperación$d1997- 215 $a1 online resource 300 $aTitle from cover. 311 08$aPrint version: Revista española de desarrollo y cooperación. 1137-8875 (DLC) 2001240270 (OCoLC)46542573 531 1 $aRev. esp. desarro. coop. 606 $aEconomic assistance$vPeriodicals 606 $aInternational economic relations$vPeriodicals 606 $aInternational economic integration$vPeriodicals 606 $aInternational cooperation$vPeriodicals 606 $aEconomic assistance, Spanish$vPeriodicals 606 $ainternational cooperation$2eurovocen 606 $aeconomic development$2eurovocen 606 $adevelopment policy$2eurovocen 606 $acoopération internationale$2eurovocfr 606 $adéveloppement économique$2eurovocfr 606 $apolitique de développement$2eurovocfr 606 $aEconomic assistance$2fast$3(OCoLC)fst00901592 606 $aEconomic assistance, Spanish$2fast$3(OCoLC)fst00901755 606 $aInternational cooperation$2fast$3(OCoLC)fst00976857 606 $aInternational economic integration$2fast$3(OCoLC)fst00976879 606 $aInternational economic relations$2fast$3(OCoLC)fst00976891 608 $aPeriodicals.$2fast 615 0$aEconomic assistance 615 0$aInternational economic relations 615 0$aInternational economic integration 615 0$aInternational cooperation 615 0$aEconomic assistance, Spanish 615 7$ainternational cooperation. 615 7$aeconomic development. 615 7$adevelopment policy. 615 7$acoopération internationale. 615 7$adéveloppement économique. 615 7$apolitique de développement. 615 7$aEconomic assistance. 615 7$aEconomic assistance, Spanish. 615 7$aInternational cooperation. 615 7$aInternational economic integration. 615 7$aInternational economic relations. 712 02$aUniversidad Complutense de Madrid.$bInstituto Universitario de Desarrollo y Cooperación. 906 $aJOURNAL 912 $a9910672204103321 920 $aexl_impl conversion 996 $aRevista española de desarrollo y cooperación$91028907 997 $aUNINA LEADER 01115nam a22002531i 4500 001 991002263889707536 005 20040224175205.0 008 040407s1999 sw a||||||||||||||||eng 035 $ab12896044-39ule_inst 035 $aARCHE-087566$9ExL 040 $aDip.to Filologia Class. e Scienze Filosofiche$bita$cA.t.i. Arché s.c.r.l. Pandora Sicilia s.r.l. 082 04$a292.213 245 00$aAncient Greek hero cult :$bproceedings of the 5. International seminar on ancient Greek cult, Göteborg university, 21-23 april 1995 /$cedited by Robin Hägg 260 $aStockholm :$bP. Aströms Förlag,$c1999 300 $a207 p. :$bill. ;$c24 cm 440 0$aSkrifter utgivna av Svenska institutet i Athen.$n8 ;$v16 650 4$aEroi$xCulto$zGrecia antica$xCongressi$y1995 700 1 $aHägg, Robin 907 $a.b12896044$b02-04-14$c16-04-04 912 $a991002263889707536 945 $aLE007 292 HAG 01.01$g1$i2007000070697$lle007$o-$pE0.00$q-$rl$s- $t0$u4$v3$w4$x0$y.i13460742$z16-04-04 996 $aAncient Greek hero cult$9305000 997 $aUNISALENTO 998 $ale007$b16-04-04$cm$da $e-$feng$gsw $h0$i1 LEADER 01134nam0 22002531i 450 001 UON00081801 005 20231205102431.401 100 $a20020107d1976 |0itac50 ba 101 $aita 102 $aIT 105 $a|||| ||||| 200 1 $aˆGli ‰spettacoli in S. Giovanni Crisostomo$epaganesimo e cristianesimo ad Antiochia e Costantinopoli nel IV secolo$fOttorino Pasquato S.D.B 210 $aRoma$cPont. Institutum Orientalium Studiorum$d1976 215 $axxiv, 370 p.$d24 cm 410 1$1001UON00065988$12001 $aOrientalia christiana analecta$fEditor Edward G. Farrugia S.J.$v201 620 $aIT$dRoma$3UONL000004 700 1$aPASQUATO$bOttorino$cS.D.B.$3UONV053897$0187913 712 $aPontificium Institutum Orientalium Studiorum$3UONV257064$4650 801 $aIT$bSOL$c20240220$gRICA 899 $aSIBA - SISTEMA BIBLIOTECARIO DI ATENEO$2UONSI 912 $aUON00081801 950 $aSIBA - SISTEMA BIBLIOTECARIO DI ATENEO$dSI A PER Afr 501 201 $eSI AA 21544 7 201 996 $aSpettacoli in S. Giovanni Crisostomo$9557304 997 $aUNIOR